Le vent dans les cheveux - Raiponce, moi j'ai un rêve - Statistiques

Statistiques générales
  • Ce quiz a été pris 100 fois
  • Le résultat moyen est 56 sur 224
Statistiques - réponses
Paroles % Correct
un
86%
J'ai
84%
j'ai
84%
l
75%
moi
74%
Je
56%
je
56%
le
54%
Le
54%
à
52%
À
52%
les
49%
La
48%
De
47%
de
47%
dans
46%
ma
44%
se
35%
c'est
33%
cheveux
33%
Me
33%
Une
33%
une
33%
Et
28%
vent
27%
voir
27%
mon
26%
ciel
25%
au
20%
cœur
20%
des
19%
Des
19%
17%
pas
17%
tout
17%
voeu
17%
est
16%
Avec
15%
ça
15%
toute
15%
Toute
15%
veux
15%
vie
15%
Car
14%
Que
14%
que
14%
yeux
14%
ne
12%
passé
12%
découvrir
11%
loin
11%
on
11%
pour
11%
vais
11%
doit
10%
J'irai
10%
lueur
10%
merveilleux
10%
mieux
10%
sais
10%
sans
10%
sentir
10%
Si
10%
si
10%
aux
9%
bleu
9%
bonheur
9%
ressembler
9%
sur
9%
Tant
9%
veut
9%
bien
7%
chanson
7%
l'air
7%
lèvres
7%
monde
7%
nouvelles
7%
passera
7%
peut
7%
quand
7%
quel
7%
rire
7%
sentiment
7%
souffle
7%
sourire
7%
vivre
7%
aller
6%
aventures
6%
chemin
6%
choses
6%
enfin
6%
fin
6%
horizon
6%
j'avais
6%
joyeux
6%
L'envie
6%
l'espoir
6%
libre
6%
m'appartient
6%
Pleins
6%
avait
5%
conquérir
5%
devant
5%
erreurs
5%
grands
5%
impatiente
5%
l'avenir
5%
moment
5%
mystères
5%
n'importe
5%
n'y
5%
opportun
5%
portes
5%
pourrais
5%
qu'arrive
5%
regretter
5%
rencontrer
5%
rien
5%
sentirais-je
5%
S'il
5%
soudainement
5%
s'ouvraient
5%
Commence
4%
d'amis
4%
d'innombrables
4%
flotte
4%
parcourir
4%
routes
4%
s'enrichir
4%
Tellement
4%
Aucun quiz correspondant
Distribution des résultats
% des personnes avec chaque résultat
Percentile par nombre de réponses
Votre historique - résultats
Vous n’avez pas pris ce quiz